Statistics for 3rd Closest European Capital

Click here to take the quiz!

General Stats

  • This quiz has been taken 34 times
  • The average score is 24 of 45

Answer Stats

Capital city Closest 2nd closest 3rd closest % Correct
AmsterdamBrusselsLuxembourgLondon
96%
BerlinPragueCopenhagenWarsaw
84%
Andorra la VellaMadridMonacoBern
80%
BrusselsAmsterdamLuxembourgParis
76%
CopenhagenBerlinOsloStockholm
72%
AthensSkopjeTiranaSofia
72%
LisbonMadridAndorra la VellaParis
68%
MinskVilniusRigaKiev
68%
BelgradeSarajevoPristinaPodgorica
68%
HelsinkiTallinnRigaStockholm
68%
MadridAndorra la VellaLisbonMonaco
68%
LondonBrusselsParisAmsterdam
64%
ReykjavikDublinOsloLondon
64%
DublinLondonAmsterdamBrussels
64%
BernVaduzLuxembourgMonaco
64%
StockholmTallinnHelsinkiOslo
60%
LuxembourgBrusselsParisBern
60%
ParisBrusselsLuxembourgLondon
60%
RomeVatican CitySan MarinoMonaco
56%
PragueViennaBerlinBratislava
52%
TallinnHelsinkiRigaStockholm
52%
MoscowMinskKievVilnius
52%
PodgoricaTiranaPristinaSarajevo
48%
RigaVilniusTallinnHelsinki
48%
WarsawVilniusMinskBerlin
48%
BucharestSofiaChisinauPristina
44%
LjubljanaZagrebViennaSan Marino
44%
SarajevoPodgoricaBelgradePristina
44%
MonacoBernSan MarinoVaduz
44%
San MarinoVatican CityRomeLjubljana
44%
SofiaSkopjePristinaBucharest
40%
TiranaPodgoricaSkopjePristina
40%
ChisinauBucharestKievSofia
40%
VilniusMinskRigaWarsaw
40%
VaduzBernLuxembourgLjubljana
36%
VallettaRomeVatican CityTirana
36%
ViennaBratislavaBudapestPrague
36%
SkopjePristinaTiranaSofia
36%
BratislavaViennaBudapestZagreb
36%
BudapestBratislavaViennaZagreb
36%
ZagrebLjubljanaViennaBratislava
32%
PristinaSkopjePodgoricaSofia
32%
Vatican CityRomeSan MarinoMonaco
32%
OsloStockholmCopenhagenTallinn
28%
KievChisinauMinskVilnius
28%

Score Distribution

Percentile by Number Answered

Percent of People with Each Score

Your Score History

You have not taken this quiz